000 01173nam a2200241 a 4500
001 47718
003 BD-RjUL
005 20211209054358.0
008 160810s2005 bg ||||| |||| 00| 0 ben d
020 _c: Tk.200.00
035 _a(BD-RjUL)47837
040 _aBD-RjUL
_bben
_cBD-RjUL
_dBD-RjUL
041 _aben
082 _223
_a370.92
_bJAN 2005
245 0 1 _aজন্ম যদি তব বঙ্গে :
_bসারোয়ার জাহান স্মারকগ্রন্থ /
_cসম্পাদক হাসান আজিজুল হক, সহযোগী সম্পাদক স্বরোচিষ সরকার
260 _aরাজশাহী :
_bসারোয়ার জাহান স্মৃতি সংসদ,
_c২০০৫
300 _a৪৩১ পৃ. :
_bচিত্র ;
_c২৪ সেমি.
650 _aশিক্ষাবিদ
_vজীবনী
_9135976
650 _aEducators
_vBiography
_9144912
700 _aহক, হাসান আজিজুল সম্পাদক
_9124529
700 _aসরকার, স্বরোচিষ সহযোগী সম্পাদক
_9124556
942 _2ddc
_cBK
999 _c47718
_d47718